LEADER 00742nam a2200193 i 4500 001 000000011367 003 CaOOAMICUS 005 20180830125440.0 008 180830s1926 fr u000 u und u 040 $aSeMil$bita 100 1 $aBainville, Jacques.$0(OLS)http://semarc/name/5486 245 10$aHistoire de France /$cpar Jacques Bainville. 260 $aParis :$bJules Tallandier,$ccopyr. 1926. 300 $av. ;$c21 cm. 650 4$aFrancia - Storia.$0(OLS)http://semarc/subject/387 774 0 $aBainville, Jacques$tTome premier.$g1$w()125192 774 0 $aBainville, Jacques$tTome second.$g2$w()125195 996 $6245$aHistoire de France$9(OLS)http://semarc/title/15040 996 $6260$aParis :$bJules Tallandier$9(OLS)http://semarc/publisher/33133 LEADER 01662nam a2200337 i 4500 001 000000240841 003 CaOOAMICUS 005 20230310145725.0 008 150925s2015 be u000 u lat u 020 $a978-2-503-53200-4 040 $aSeMil$bita 100 0 $aArnoldus : Leodiensis,$d.$0(OLS)http://semarc/name/81601 245 10$aArnoldi Leodiensis Alphabetum narrationum /$ce schedis Coletae Ribaucourt ; edidit Elisa Brilli ; auxilium praestantibus Jacques Berlioz et Marie-Anne Polo de Beaulieu. 260 $aTurnhout :$bBrepols,$c2015. 300 $aCVIII, 752 p. ;$c26 cm. 490 1 $aCorpus Christianorum. Continuatio Mediaevalis ;$v160. 490 1 $aExempla Medii Aevi ;$v6. 546 $aTesto in latino, introduzione e note in francese. 700 1 $aRibaucourt, Colette,$d<1945-2007>.$0(OLS)http://semarc/name/81602 700 1 $aPolo de Beaulieu, Marie-Anne.$0(OLS)http://semarc/name/4208 700 1 $aBerlioz, Jacques,$d<1953- >.$0(OLS)http://semarc/name/173 700 1 $aBrilli, Elisa.$0(OLS)http://semarc/name/81603 830 0$aCorpus Christianorum. Continuatio Mediaevalis ;$v160.$0(OLS)http://semarc/title/35 830 0$aExempla Medii Aevi ;$v6.$0(OLS)http://semarc/title/11031 850 $aSeMil 852 $aSeMil$W1$xVenegono$y1$mSL2.F CC.CM 160$j269831$B191187$CSeMilBibl$Z2$F202019 $8I 961 $aSottoscrizione: Brepols 996 $6020$a978-2-503-53200-4$9(OLS)http://semarc/number/247271 996 $6245$aArnoldi Leodiensis Alphabetum narrationum$9(OLS)http://semarc/title/342382 996 $6260$aTurnhout :$bBrepols$9(OLS)http://semarc/publisher/29626